000 00583nam 22002053 4500
001 201781
010 _a84-505-3207-8
021 _b77-1986
090 _a201781
100 _a20260416d u||y0pory50 ba
200 _aLos cuatro continentes
_fJulio Ortega...[et. al]
210 _aHuelva
_c[s.n.]
_d1986
215 _a59 p.
_cbrochado
_d20 cm
225 _aColección de Poesia
_v2
606 _93684
_aLiteratura Espanhola -- Poesia
675 _a821.134.2-1
_vEs
_zesp
701 _917126
_aOrtega
_bJulio
_f1942-
801 _aPT
_bBMMN
_gRPC
830 _cAna Falardo
_fAna Falardo
990 _cLIVROS